| 000 | 00837nam a22002897a 4500 | ||
|---|---|---|---|
| 001 | 5009 | ||
| 003 | FISKH | ||
| 005 | 20241031143606.0 | ||
| 008 | 241031b cb ||||| |||| 00| 0 eng d | ||
| 020 | _a9780688104825 | ||
| 040 |
_aFISKH _beng _cFISKH _dFISKH |
||
| 050 | _aPZ7.H96165 | ||
| 082 | _a823.9 | ||
| 100 |
_aHutchins, Pat _d(1942–2017) |
||
| 245 |
_aHappy birthday, sam / _cby Pat Hutchins |
||
| 250 | _aFirst paperback edition in 1991 | ||
| 260 |
_aNew York : _bGreenwillow, _c1991. |
||
| 300 |
_a27 pages : _bColor illustrations ; _c25 cm |
||
| 505 | _aJ | ||
| 520 | _aSam's birthday brings a solution to several of his problems. | ||
| 521 | 8 |
_a480L
_bLexile |
|
| 521 | 8 |
_aJ
_bRaz-Plus |
|
| 650 |
_2Birthdays _aCelebrations |
||
| 650 |
_2Fiction _aRealistic fiction |
||
| 942 |
_2ddc _cBK _n0 |
||
| 999 |
_c5009 _d5009 |
||